Jääkiekon MM-Kisojen isäntämaat - Statistics

Yleistilastot
  • Tätä visaa on pelattu 63 kertaa
  • Keskiarvotulos 20 / 34
Vastaustilastot
Vuosi Maa % Oikein
2022 Suomi
90%
2023 Suomi
88%
2023 Latvia
80%
2024 Tsekki
78%
2019 Slovakia
76%
2011 Slovakia
73%
2025 Ruotsi
71%
2012 Ruotsi
69%
2012 Suomi
69%
2013 Suomi
67%
2026 Sveitsi
65%
2025 Tanska
65%
2013 Ruotsi
63%
2017 Saksa
63%
2016 Venäjä
63%
2018 Tanska
61%
2021 Latvia
59%
2017 Ranska
59%
2020 ei järjestetty koronan vuoksi. Missä olisi pitänyt järjestää Sveitsi
59%
2028 Ranska
57%
2027 Saksa
57%
2015 Tsekki
57%
2014 Valko-Venäjä
57%
2010 Saksa
55%
2008 Kanada
51%
2003 Suomi
51%
2009 Sveitsi
51%
2007 Venäjä
51%
2002 Ruotsi
45%
2000 Venäjä
43%
2001 Saksa
41%
2005 Itävalta
37%
2006 Latvia
37%
2004 Tsekki
37%
Ehtoja vastaavia visoja ei löytynyt
Tulosjakauma
Jokaisen tuloksen saaneiden osuus
Persentiili vastausten määrän mukaan
Tuloshistoriasi
Et ole pelannut tätä visaa